ORAL & MAXILLOFACIAL SURGERY (Record no. 3466)

MARC details
000 -LEADER
fixed length control field 00350nam a2200145Ia 4500
008 - FIXED-LENGTH DATA ELEMENTS--GENERAL INFORMATION
fixed length control field 150201s2005 xx 000 0 und d
082 ## - DEWEY DECIMAL CLASSIFICATION NUMBER
Classification number 617.525
Item number O2005P
100 ## - MAIN ENTRY--PERSONAL NAME
Personal name PETERSON,LARRY J.
245 ## - TITLE STATEMENT
Title ORAL & MAXILLOFACIAL SURGERY
250 ## - EDITION STATEMENT
Edition statement 4TH
260 ## - PUBLICATION, DISTRIBUTION, ETC. (IMPRINT)
Name of publisher, distributor, etc. MOSBY
Place of publication, distribution, etc. DELHI
Date of publication, distribution, etc. 2005
300 ## - PHYSICAL DESCRIPTION
Extent 1-776
650 ## - SUBJECT ADDED ENTRY--TOPICAL TERM
Topical term or geographic name as entry element ORAL SURGERY
942 ## - ADDED ENTRY ELEMENTS (KOHA)
Source of classification or shelving scheme Dewey Decimal Classification
Koha item type Books
Koha issues (borrowed), all copies 1
Holdings
Withdrawn status Lost status Source of classification or shelving scheme Damaged status Not for loan Home library Current library Date acquired Source of acquisition Cost, normal purchase price Serial Enumeration / chronology SGTU Bill Number Total Checkouts Full call number Barcode Date last seen Date last checked out Bill Date Koha item type
    Dewey Decimal Classification     SGT Dental Library SGT Dental Library 07/02/2006 U.B.S.DELHI 1250.00 1 SGTU 951 1 617.525 O2005P FD3867 12/12/2016 20/09/2016 26/07/2012 Books
    Dewey Decimal Classification     SGT Dental Library SGT Dental Library 07/02/2006 U.B.S.DELHI 1250.00 1 SGTU 951 1 617.525 O2005P FD3869 25/09/2024 30/08/2024 26/07/2012 Books